Yunus Emre'nin doğuşu (Record no. 5060)

MARC details
000 -BAŞLIK
Sabit Uzunlukta Kontrol Alanı 00917na a2200301 4500
001 - KONTROL NUMARASI
Denetim Alanı 12831
003 - KONTROL NUMARASI IDENTIFIER
Denetim Alanı MIRAKIL
005 - SON İŞLEM TARİHİ VE ZAMANI
Denetim Alanı 20181213155026.0
008 - SABİT-BOY VERİ ELEMANLARI - GENEL BİLGİLER
Sabit Uzunlukta Kontrol Alanı 160927b tu 000 0
020 ## - ULUSLARARASI STANDART KİTAP NUMARASI
Uluslararası Standart Kitap Numarası 9786058993600
035 ## - SİSTEM KONTROL NUMARASI
Sistem Kontrol Numarası 12831
040 ## - KATALOGLAMA KAYNAK
Orijinal Kataloglama Ajansı Milas
Kataloglama Dili tur
Metne Dönüştürmek Ajansı TR-AnCHP
082 ## - DEWEY ONLU SINIFLANDIRMA NUMARASI
Sınıflandırma Numarası 922.97 YunusEmre
Ürün Numarası A47y 2008
090 ## - SINIFLAMA NUMARASI
Sınıflama Numarası 922.97 YunusEmre A47y 2008
100 ## - ANA GİRİŞ - KİŞİSEL İSİM
Kişisel Ad Aksungur, Mustafa
245 ## - BAŞLIK TABLOSU
Başlık Yunus Emre'nin doğuşu
Sorumluluk Tablosu, Vb Mustafa Aksungur; yayına hazırlayan Gürcan Şentürk
260 ## - YAYIN, DAĞITIM, VB
Yayın, Dağıtım, Vb Yeri Eskişehir
Yayıncı, Dağıtıcı, Vs Adı [yayl.y.]
Yayın, Dağıtım, Vb Tarihi 2008
300 ## - FİZİKSEL TANIM
Kapsam 316 s.
Boyutlar 20 sm.
500 ## - GENEL NOT
Genel Not Sözlük var.
504 ## - KAYNAKÇA VB NOT
Kaynakça Vb Notu Kaynakça ve dizin var.
600 ## - KONU KATMA GİRİŞ - KURUMSAL ADI
Kişisel Ad Yunus Emre
Bir Adıyla İlişkilendirilen Tarihler 1240-1320
Genel Alt Bölümü Yaşamöyküsü
650 ## - KONU KATMA GİRİŞ - TOPİKAL DÖNEM
Topikal Süreli Veya Coğrafi Ad Giriş Elemanı Halk şairleri
Genel Alt Bölümü Türkiye
650 ## - KONU KATMA GİRİŞ - TOPİKAL DÖNEM
Topikal Süreli Veya Coğrafi Ad Giriş Elemanı Dil ve edebiyat
Genel Alt Bölümü Halk şiiri
650 ## - KONU KATMA GİRİŞ - TOPİKAL DÖNEM
Topikal Süreli Veya Coğrafi Ad Giriş Elemanı Türk Halk Edebiyatı
Genel Alt Bölümü Şiir
650 ## - KONU KATMA GİRİŞ - TOPİKAL DÖNEM
Topikal Süreli Veya Coğrafi Ad Giriş Elemanı Yunus Emre
Genel Alt Bölümü Yaşamöyküsü
700 ## - KATMA GİRİŞ - KİŞİSEL İSİM
Kişisel Ad Şentürk, Gürcan
942 ## - EKLENDİ GİRİŞ ELEMANLARI (KOHA)
Sınıflandırma Veya Raf Düzeni Kaynak
Koha Öğesi Türü Books
999 ## - SİSTEM KONTROL NUMARALARI (KOHA)
Koha Biblionumber 5060
Koha Biblioitemnumber 5060
Holdings
Kalıcı Konum Mevcut Konum Edinme Tarihi Edinim Kaynak Toplam Check-Out'Lar Tam Çağrı Numarası Barkod Tarih Son Görülme İtibaren Geçerli Fiyatlar Koha Öğesi Türü
CHP Kütüphanesi CHP Kütüphanesi 08/02/2016 Bağış   922.97 YunusEmre A47y 2008 000564 08/02/2016 08/02/2016 Books